000 00773nab a2200241 u 4500
001 16575
003 HDC
007 cr bn ---aaaaa
008 210221c |r|noo 0 a d
040 _aHDC
245 0 _aAny business can have slice of global halal pie
260 _aBrunei :
_bBrunei Times PLC,
_c2010
336 _atext
_2rdacontent
337 _acomputer
_2rdamedia
338 _aonline resource
_2rdacarrier
650 _aHalal product
_948
650 _aMuslim entrepreneur
_91400
710 _aThe Brunei Times
856 _zRequest full-text at [email protected]
942 _2lcc
942 _cNEWS
942 _kNWSO 009180
999 _c13891
_d13891